Devarim ba-Ṿeʻidah ha-ḥaḳlaʼit ha-ʻaśirit : (Record no. 33796)

MARC details
000 -LEADER
fixed length control field 00997cam a22002531 4500
001 - CONTROL NUMBER
control field he 68003137
003 - CONTROL NUMBER IDENTIFIER
control field DLC
005 - DATE AND TIME OF LATEST TRANSACTION
control field 20260227111504.0
008 - FIXED-LENGTH DATA ELEMENTS--GENERAL INFORMATION
fixed length control field 821209s1966 is 000 0 heb
010 ## - LIBRARY OF CONGRESS CONTROL NUMBER
LC control number he 68003137
035 ## - SYSTEM CONTROL NUMBER
System control number (OCoLC)19155941
040 ## - CATALOGING SOURCE
Original cataloging agency DLC
Transcribing agency MH
Modifying agency DLC
042 ## - AUTHENTICATION CODE
Authentication code premarc
050 00 - LIBRARY OF CONGRESS CALL NUMBER
Classification number HD1537.I82
Item number A4 1966
110 2# - MAIN ENTRY--CORPORATE NAME
Corporate name or jurisdiction name as entry element Agricultural Workers' Organization (Israel)
245 10 - TITLE STATEMENT
Title Devarim ba-Ṿeʻidah ha-ḥaḳlaʼit ha-ʻaśirit :
Remainder of title Tel Aviv, 7-10 Adar 727, 27 le-Februar-2 le-Mars 1966 /
Statement of responsibility, etc. [ha-ʻorekh Tsevi Magen]
260 ## - PUBLICATION, DISTRIBUTION, ETC.
Place of publication, distribution, etc. [Tel Aviv] :
Name of publisher, distributor, etc. ha-Merakz ha-ḥaḳlaʼi
Date of publication, distribution, etc. [1966?]
300 ## - PHYSICAL DESCRIPTION
Extent 420 p. :
Other physical details ill., group ports.,
Dimensions 24 cm.
500 ## - GENERAL NOTE
General note At head of title: ha-Histadrut ha-kelalit shel ha-ʻovdim be-Erets Yiśraʼel, Histadrut ha-poʻalim ha-ḥaḳlaʼim.
611 20 - SUBJECT ADDED ENTRY--MEETING NAME
Meeting name or jurisdiction name as entry element Agricultural Workers' Organization (Israel). Ṿeʻidah
Number of part/section/meeting (10th:
Date of meeting or treaty signing 1966)
650 #0 - SUBJECT ADDED ENTRY--TOPICAL TERM
Topical term or geographic name entry element Agricultural laborers
Geographic subdivision Israel.
700 1# - ADDED ENTRY--PERSONAL NAME
Personal name Magen, Tsevi,
Relator term ed.
752 ## - ADDED ENTRY--HIERARCHICAL PLACE NAME
Country or larger entity Israel
City Tel Aviv

No items available.

Powered by Koha